000 00380nam a22001577a 4500
003 MPLRDC
005 20220104142527.0
008 210129b ||||| |||| 00| 0 eng d
082 _a220.7 SLY
100 _a史流音居士
245 _a科学心佛与和平
_c
260 _a
_b演本老法师纪念会
_c
300 _b
650 _a佛教杂论
942 _cBK
_o220.7 SLY
999 _c31605
_d31595